Statistics for Zimbabwe Trivia

Click here to take the quiz!

General Stats

  • This quiz has been taken 11 times
  • The average score is 3 of 8

Answer Stats

HintAnswer% Correct
Capital | Largest CityHarare
100%
National DishSadza
36%
National FlowerGloriosa Superba
27%
Highest PointMount Inyangani
18%
Largest LakeLake Kariba
18%
National AnimalSable Antelope
0%
National BirdBateleur Eagle
0%

Score Distribution

Percentile by Number Answered

Percent of People with Each Score

Your Score History

You have not taken this quiz